| 000 | 00499nam a22001937a 4500 | ||
|---|---|---|---|
| 003 | OSt | ||
| 005 | 20140310181803.0 | ||
| 008 | 130704t xxu||||| |||| 00| 0 eng d | ||
| 020 | _a0380785706 | ||
| 050 |
_aAG 6 _b.L984 1995 |
||
| 082 |
_aREF 910.5 _bL98 1995 |
||
| 245 |
_aThe Portable world factbook / _cLye, Keith |
||
| 260 |
_aNew York : _bAvon Books, _cc1995. |
||
| 300 |
_a352 p. _bcol. : ill. ; _c20 cm. |
||
| 521 | _a | ||
| 541 | _j1 | ||
| 562 | _e1 | ||
| 942 |
_2lcc _cBK-GR _kREF |
||
| 999 |
_c3699 _d3699 |
||